[Event "AUTO-INT-2725"]
[Site "http://www.queenalice.com/game.php?id=1219438"]
[Date "2013.9.24"]
[Round "1"]
[White "afonte"]
[Black "josealexandreschultz"]
[Result "1-0"]
[WhiteElo "1955"]
[BlackElo "1670"]

1. e4 e5 2. Nf3 Nc6 3. Bb5 d6 4. O-O Bd7 5. d4 Nb8 6. Bxd7+ Qxd7 7. d5 Nf6 8.
Nc3 a6 9. Bg5 Be7 10. Qd2 O-O 11. h3 h6 12. Be3 c6 13. Na4 Bd8 14. Nc3 cxd5 15.
exd5 1-0

[Event "AUTO-INT-2725"]
[Site "http://www.queenalice.com/game.php?id=1219439"]
[Date "2013.9.24"]
[Round "1"]
[White "josealexandreschultz"]
[Black "afonte"]
[Result "0-1"]
[WhiteElo "1675"]
[BlackElo "1950"]

1. e4 c5 2. Nf3 Nc6 3. d4 cxd4 4. Nxd4 Nf6 5. Nc3 g6 6. Be2 Bg7 7. O-O O-O 8. f4
Nxe4 9. Nxc6 Nxc3 10. Nxd8 Nxd1 11. Bxd1 Rxd8 12. g3 b6 13. Bf3 Rb8 14. c3 Bb7
0-1

[Event "AUTO-INT-2725"]
[Site "http://www.queenalice.com/game.php?id=1219464"]
[Date "2013.9.24"]
[Round "1"]
[White "altair"]
[Black "josealexandreschultz"]
[Result "1-0"]
[WhiteElo "1743"]
[BlackElo "1494"]

1. e4 e5 2. Nf3 Nc6 3. d3 Bc5 4. a3 Nf6 5. h3 h6 6. c3 O-O 7. Nbd2 d5 8. Be2 b6
9. b4 Be7 10. exd5 Nxd5 11. Bb2 Bb7 12. c4 Nf6 13. Nxe5 Bd6 14. Nxc6 Bxc6 15.
O-O Qd7 16. b5 Bb7 17. Bf3 Bxf3 18. Qxf3 Rac8 19. Bxf6 g6 20. Qe3 Kh7 21. f4 Qf5
22. Bc3 Rfe8 23. Qd4 Rg8 24. Ne4 Be7 25. g4 Qe6 26. f5 gxf5 27. Rxf5 Bg5 28.
Nxg5+ hxg5 29. Bd2 Qh6 30. Rxf7+ Rg7 31. Qe4+ Kh8 32. Bc3 Rg8 33. Rxg7 Rxg7 34.
Bxg7+ 1-0

[Event "AUTO-INT-2725"]
[Site "http://www.queenalice.com/game.php?id=1219465"]
[Date "2013.9.24"]
[Round "1"]
[White "josealexandreschultz"]
[Black "altair"]
[Result "0-1"]
[WhiteElo "1488"]
[BlackElo "1749"]

1. e4 e5 2. Nf3 d6 3. Bc4 h6 4. Nc3 Nf6 5. h3 a6 6. O-O Be7 7. Re1 O-O 8. d4 c6
9. b3 b5 10. Bf1 b4 11. Nb1 Bd7 12. Bb2 c5 13. d5 Nh5 14. Nbd2 f5 15. c3 fxe4
16. Nh2 bxc3 17. Bxc3 Bh4 18. Nxe4 Bf5 19. Bd3 Bxe4 20. Bxe4 Nd7 21. Qxh5 Bxf2+
22. Kh1 Bxe1 23. Bxe1 Nf6 24. Qe2 Qd7 25. Ng4 Nxg4 26. hxg4 Rf4 27. g3 Rf7 28.
Bd2 Raf8 29. Be3 a5 30. a4 Qb7 31. Bc2 Qxd5+ 32. Kh2 Rf3 33. Rd1 Qe6 34. Be4
Qxg4 0-1

[Event "Let's Play Chess!"]
[Site "http://www.queenalice.com/game.php?id=1224105"]
[Date "2013.10.14"]
[Round "-"]
[White "Abstro"]
[Black "josealexandreschultz"]
[Result "1-0"]
[WhiteElo "2011"]
[BlackElo "1576"]

1. d4 d5 2. c4 c6 3. e3 e6 4. a3 Nf6 5. Nc3 Be7 6. b4 O-O 7. c5 b6 8. Nf3 bxc5
9. dxc5 Nbd7 10. Bd3 a5 11. Bb2 axb4 12. axb4 Rxa1 13. Qxa1 Qc7 14. Ne2 Bb7 15.
O-O e5 16. Nxe5 Nxe5 17. Bxe5 Qd7 18. Ng3 Qd8 19. Nf5 Bc8 20. Nxe7+ Qxe7 21. Bd6
Qd8 22. Bxf8 Qxf8 23. Qa7 Ne4 24. Bxe4 dxe4 25. Qc7 Qe8 26. Rd1 Be6 27. Rd8 1-0

[Event "AUTO-INT-2743"]
[Site "http://www.queenalice.com/game.php?id=1226095"]
[Date "2013.10.20"]
[Round "1"]
[White "Consultti"]
[Black "josealexandreschultz"]
[Result "1-0"]
[WhiteElo "1577"]
[BlackElo "1580"]

1. d4 d5 2. Nc3 c6 3. Nf3 e6 4. e4 Nf6 5. exd5 cxd5 6. Bg5 Be7 7. Bb5+ Bd7 8.
Bd3 O-O 9. Ne5 Nc6 10. O-O h6 11. Bf4 Nxd4 12. Nxd7 1-0

[Event "AUTO-INT-2743"]
[Site "http://www.queenalice.com/game.php?id=1226096"]
[Date "2013.10.20"]
[Round "1"]
[White "josealexandreschultz"]
[Black "Consultti"]
[Result "0-1"]
[WhiteElo "1564"]
[BlackElo "1593"]

1. e4 e5 2. Nf3 f6 3. Bb5 c6 4. Bc4 Bc5 5. Nc3 Qb6 6. O-O Ne7 7. a3 d5 8. exd5
cxd5 9. Bb5+ Nec6 10. Bxc6+ Qxc6 11. d3 e4 0-1

[Event "AUTO-OPEN-2991"]
[Site "http://www.queenalice.com/game.php?id=1238795"]
[Date "2013.12.9"]
[Round "2"]
[White "josealexandreschultz"]
[Black "Tonto"]
[Result "0-1"]
[WhiteElo "1496"]
[BlackElo "1999"]

1. e4 e5 2. Nf3 d6 3. Bb5+ c6 4. Ba4 Qa5 5. Bb3 h6 6. c3 Nf6 7. d3 Nbd7 8. O-O
Be7 9. Nbd2 d5 10. a3 Qb6 11. exd5 cxd5 12. d4 e4 0-1

[Event "AUTO-OPEN-2991"]
[Site "http://www.queenalice.com/game.php?id=1238796"]
[Date "2013.12.9"]
[Round "2"]
[White "Tonto"]
[Black "josealexandreschultz"]
[Result "1-0"]
[WhiteElo "1997"]
[BlackElo "1498"]

1. Nf3 d5 2. d4 Nc6 3. h3 Nf6 4. Bf4 Bf5 5. a3 e6 6. Nc3 Be7 7. e3 O-O 8. Bd3 h6
9. Nb5 Rc8 10. Ne5 Nxe5 11. Bxe5 a6 12. Bxf6 1-0